000
00337nam a2200133Ia 4500
008
240624s9999 xx 000 0 und d
041
_a
eng
082
_a
330 RAO
100
_a
RAO B RANGA
245
_a
TECHNIQUES OF TEACHING ECONOMICS
260
_c
2007
_a
New Delhi
_b
Sonali Publications
300
_a
219 p.; 22 cm.
365
_c
RS
_b
30
999
_c
29826
_d
29826